| 000 | 00442nam a2200181Ia 4500 | ||
|---|---|---|---|
| 001 | 624 | ||
| 005 | 20260306140531.0 | ||
| 008 | 260306t1996||||xx |||||||||||||| ||spa|| | ||
| 041 | _aESP | ||
| 082 |
_a128 _bS73 |
||
| 100 |
_aSpaeman, Robert _eAUT |
||
| 245 | 0 |
_aPersonas : _bacerca de la distinción entre algo y alguien |
|
| 260 | _c1996 | ||
| 300 |
_a236 pƔginas : _c24 cm. |
||
| 650 | _aGEN | ||
| 654 | _aCHU | ||
| 942 |
_cLIB _dJUS _fJUS _2ddc _n |
||
| 999 |
_c624 _d624 |
||